David Bowie singles - Statistics

General Stats
  • This quiz has been taken 436 times
  • The average score is 4 of 10
Answer Stats
Hint Answer % Correct
Celebrity status Fame
74%
Could batman and James Bond both be examples? Heroes
71%
Noise and foresight Sound and Vision
61%
Watching movies at the weekend? Drive-in Saturday
46%
Misery Sorrow
37%
They have no experience whatsoever Absolute beginners
36%
Sounds more like a horror movie! Scary monsters
36%
One of the apostles, he's not up to much! John, I'm only dancing
27%
The little fella in stitches? The laughing Gnome
27%
The most beautiful celestial body The prettiest star
20%
No matching quizzes found
Score Distribution
Percent of People with Each Score
Percentile by Number Answered
Your Score History
You have not taken this quiz